STN ISO/IEC 8652 Informačné technológie

Podrobná bibliografia
Médium: Kniha
Jazyk:neznámy jazyk
Fyzický popis:2 s.
Vydavateľské údaje: Bratislava Slovenský ústav technickej normalizácie 1997

MARC

LEADER 00000nam a2200000 a 4500
001 vtls001328381
003 SK-MaSNL
005 20260223125410.0
008 240126sm y0 xo r 0 und
035 |a SNK000281204 
040 |a SNK  |b slo  |c SNK  |e AACR2 
044 |a xo  |c SK 
245 1 |a STN ISO/IEC 8652 Informačné technológie  |h Programovacie jazyky Ada 
260 |a Bratislava  |b Slovenský ústav technickej normalizácie  |c 1997 
300 |a 2 s. 
999 |c 545778  |d 547708 
952 |t P60, <03>, [BOOK], {603}  |a SNK  |b SNK  |y PREZ  |7 0  |p 17A0128805  |o snkSTN ISO/IEC 8652  |i snkN 441/98  |0 0  |1 0  |4 0  |d 1998-04-20  |l 0  |r 2005-01-02 00:00:00  |w 2026-02-23 
952 |a SNK  |b SNK  |y PREZ  |7 0  |p 17A0134243  |o snkSTN ISO/IEC 8652 D1  |i snkN 442/98  |0 0  |1 0  |4 0  |d 1998-04-20  |l 0  |r 2005-01-02 00:00:00  |w 2026-02-23